| 000 | 00758 a2200253 4500 | ||
|---|---|---|---|
| 001 | 74454 | ||
| 999 |
_c74454 _d22585 |
||
| 003 | TR-AnTOB | ||
| 005 | 20230329112709.0 | ||
| 008 | 090421s1997 tu tur | ||
| 041 | _atur | ||
| 050 |
_aDS51.K2 _bD86 1997 |
||
| 090 | _aDS51.K2 D86 1997 | ||
| 245 | 0 |
_aDünden bugünden Kastamonu görüntüleri / _cKastamonu Valiliği. |
|
| 264 | 1 |
_aKastomonu : _b, _c1997. |
|
| 300 |
_a158 s. : _bcol. ill. ; _c20 cm. |
||
| 651 | 7 |
_aKastamonu (Türkiye) _xTarih _2etuturkob _943079 |
|
| 651 | 7 |
_aKastamonu (Türkiye) _xTarih _2etuturkob _943079 |
|
| 651 |
_aKastamonu (Turkey) _xDescription and travel _954000 |
||
| 651 |
_aKastamonu (Türkiye) _xGezi ve tanıtım _954001 |
||
| 902 | _a0015698 | ||
| 903 | _aMerkez Kütüphane | ||
| 945 | _aBS | ||
| 942 | _cBK | ||